U.S. Cities That End in "-ville" - Statistics

General Stats
  • This quiz has been taken 185 times
  • The average score is 14 of 50
Answer Stats
Population State City % Correct
949,611 Florida Jacksonville
95%
72,723 North Carolina Jacksonville
95%
689,447 Tennessee Nashville
90%
633,045 Kentucky Louisville
86%
190,740 Tennessee Knoxville
68%
215,006 Alabama Huntsville
65%
45,941 Texas Huntsville
65%
208,501 North Carolina Fayetteville
55%
93,949 Arkansas Fayetteville
55%
87,521 North Carolina Greenville
52%
72,720 South Carolina Greenville
52%
186,736 Texas Brownsville
48%
94,589 North Carolina Asheville
47%
141,085 Florida Gainesville
42%
166,722 Tennessee Clarksville
41%
149,540 Illinois Naperville
41%
117,298 Indiana Evansville
39%
46,553 Virginia Charlottesville
27%
67,117 Maryland Rockville
22%
147,743 California Roseville
22%
47,710 Michigan Roseville
22%
134,810 California Victorville
22%
81,045 Massachusetts Somerville
21%
102,386 California Vacaville
21%
54,164 Arkansas Bentonville
20%
69,490 Minnesota Lakeville
19%
43,582 California Danville
17%
42,590 Virginia Danville
17%
49,447 Indiana Jeffersonville
17%
111,822 Texas Lewisville
17%
61,753 Tennessee Hendersonville
15%
65,615 Wisconsin Janesville
15%
42,404 Illinois Belleville
14%
70,714 Washington Marysville
14%
50,915 South Carolina Summerville
14%
60,448 Utah Taylorsville
9%
64,317 Minnesota Burnsville
8%
69,604 Indiana Noblesville
8%
61,376 North Carolina Huntersville
6%
65,191 Texas Pflugerville
6%
51,324 Tennessee Collierville
5%
62,623 California Porterville
5%
52,590 California Watsonville
5%
48,789 Florida Titusville
4%
39,130 Ohio Westerville
3%
40,706 Texas Duncanville
1%
39,863 Texas Romeoville
1%
45,345 New Jersey Sayreville
1%
46,491 Ohio Strongsville
1%
37,983 Illinois Carpentersville
0%
No matching quizzes found
Score Distribution
Percent of People with Each Score
Percentile by Number Answered
Your Score History
You have not taken this quiz